Joyce annotated : notes for Dubliners and A portrait of the artist as a young man /

This substantially revised and expanded edition of Don Gifford's Notes to Joyce: Dubliners and A Portrait of the Artist as a Young Man puts the requisite knowledge at the disposal of scholars, students, and general readers. Professor Gifford's labors in gathering these data into a single v...

Full description

Bibliographic Details
Main Author: Gifford, Don
Other Authors: Joyce, James, 1882-1941
Format: Book
Language:English
Published: Berkeley : University of California Press, [1982]
Edition:Second edition, revised and enlarged.
Subjects:

MARC

Tag First Indicator Second Indicator Subfields
LEADER 00000cam a22000008a 4500
001 in00000079971
005 20240912141711.6
008 801202s1982 caub 001 0 engm
010 |a  80029448  
020 |a 0520041895 
035 |a (OCoLC)07178771 
035 |9 AAJ3005AM 
040 |a DLC  |c DLC  |d m.c.  |d TXA  |d UtOrBLW 
049 |a TXAM  |c [1672750] 
050 0 0 |a PR6019.O9  |b Z5335 1982 
082 0 |a 823/.912  |2 19 
100 1 |a Gifford, Don. 
245 1 0 |a Joyce annotated :  |b notes for Dubliners and A portrait of the artist as a young man /  |c Don Gifford. 
250 |a Second edition, revised and enlarged. 
263 |a 8107 
264 1 |a Berkeley :  |b University of California Press,  |c [1982] 
264 4 |c ©1982 
300 |a ix, 308 pages :  |b maps ;  |c 24 cm. 
336 |a text  |b txt  |2 rdacontent 
337 |a unmediated  |b n  |2 rdamedia 
338 |a volume  |b nc  |2 rdacarrier 
500 |a The Cushing Library Lit/Mitchell copy is a donation from J. Lawrence Mitchell. 
500 |a "Maps were drawn by Peggy Diggs." 
500 |a Edition for 1967 published under title: Notes for Joyce: Dubliners and A portrait of the artist as a young man. 
520 |a This substantially revised and expanded edition of Don Gifford's Notes to Joyce: Dubliners and A Portrait of the Artist as a Young Man puts the requisite knowledge at the disposal of scholars, students, and general readers. Professor Gifford's labors in gathering these data into a single volume have resulted in an invaluable sourcebook.(Source unknown as of September 2020.) 
504 |a Includes bibliographical references and index. 
505 0 |a Preface to the second edition -- Introduction -- Notes for Dubliners (1914) Notes for A portrait of the artist as a young man (1916) -- Appendix: "The sisters" by Stephen Daedalus. 
600 1 0 |a Joyce, James,  |d 1882-1941.  |t Dubliners  |v Handbooks, manuals, etc. 
600 1 0 |a Joyce, James,  |d 1882-1941.  |x Portrait of the artist as a young man  |v Handbooks, manual, etc. 
651 0 |a Dublin (Ireland)  |x In literature. 
700 1 |a Joyce, James,  |d 1882-1941.  |t Dubliners. 
700 1 |a Joyce, James,  |d 1882-1941.  |t Portrait of the artist as a young man. 
999 |a MARS 
999 f f |s 1a0ee1fc-171c-3053-b2c4-f2a6551392d7  |i 38798a42-6815-3d31-8b89-f509d8e54a4c  |t 0 
952 f f |p noncirc  |a Texas A&M University  |b J.J. Pickle Campus  |c High Density Repository  |d Remote Storage  |t 0  |e PR6019.O9 Z5335 1982  |h Library of Congress classification  |i unmediated -- volume  |m A14853202091 
952 f f |p normal  |a Texas A&M University  |b College Station  |c Sterling C. Evans Library  |d Evans: Library Stacks  |t 0  |e PR6019.O9 Z5335 1982  |h Library of Congress classification  |i unmediated -- volume  |m A14806186657 
998 f f |a PR6019.O9 Z5335 1982  |t 0  |l Remote Storage 
998 f f |a PR6019.O9 Z5335 1982  |t 0  |l Evans: Library Stacks